ऊर्ध्वाग चिकित्सा भ 2 कर्णरोेग विज्ञान तथा भ 3 नासारोग विज्ञान (Record no. 306451)
[ view plain ]
| 000 -LEADER | |
|---|---|
| fixed length control field | 00955nam a2200241Ia 4500 |
| 003 - CONTROL NUMBER IDENTIFIER | |
| control field | OSt |
| 005 - DATE AND TIME OF LATEST TRANSACTION | |
| control field | 20220923212119.0 |
| 008 - FIXED-LENGTH DATA ELEMENTS--GENERAL INFORMATION | |
| fixed length control field | 220922b |||||||| |||| 00| 0 hin d |
| 037 ## - SOURCE OF ACQUISITION | |
| Terms of availability | Textual |
| 040 ## - CATALOGING SOURCE | |
| Original cataloging agency | ARTS |
| Transcribing agency | ARTS |
| Language of cataloging | hin |
| 041 ## - LANGUAGE CODE | |
| Source of code | hin |
| Language code of text/sound track or separate title | hin |
| 100 ## - MAIN ENTRY--PERSONAL NAME | |
| Personal name | शुक्ल, जगन्नाथप्रसाद |
| 9 (RLIN) | 162132 |
| 245 #0 - TITLE STATEMENT | |
| Title | ऊर्ध्वाग चिकित्सा भ 2 कर्णरोेग विज्ञान तथा भ 3 नासारोग विज्ञान |
| 246 ## - VARYING FORM OF TITLE | |
| Title proper/short title | Ūrdhvāg chikitsā bha0 2 karṇaroeg vijnyān tathā bha 0 3 nāsārog vijnyāna |
| 260 ## - PUBLICATION, DISTRIBUTION, ETC. | |
| Date of publication, distribution, etc. | 1950 |
| 490 ## - SERIES STATEMENT | |
| Series statement | सुघानिधि ग्रंथमाला; 1 |
| 942 ## - ADDED ENTRY ELEMENTS (KOHA) | |
| Classification part | LA16:4:6, 152J0.2-.3 |
| Koha item type | Textual |
| Source of classification or shelving scheme | Colon Classification (CC) |
| Withdrawn status | Lost status | Damaged status | Not for loan | Home library | Current library | Date acquired | Total Checkouts | Full call number | Barcode | Date last seen | Price effective from | Koha item type |
|---|---|---|---|---|---|---|---|---|---|---|---|---|
| Arts Library | Arts Library | 2022-09-23 | LA16:4:6 152J0.2-.3 | AL0078428 | 2022-09-23 | 2022-09-23 | Textual |
